| 000 | 00970nam a2200301Ia 4500 | ||
|---|---|---|---|
| 001 | Para_9033 | ||
| 003 | CHAP | ||
| 008 | 220125s2003 xx 000 0 und d | ||
| 010 | _a207811 | ||
| 040 | _cCHAP | ||
| 090 | _aPA TESIS 1901 | ||
| 100 |
_aBurgos Solorio, Armando _916174 |
||
| 245 |
_aPlatypodidae y scolytidae (Coleoptera) de la reserva de la biosfera "Sierra de Huautla" Morelos, México / _c por Armando Burgos Solorio |
||
| 260 |
_aMontecillos, Méx. : _b el autor |
||
| 300 | _a93 h. | ||
| 502 | _aTesis (Doctor en Ciencias). CP Instituto de Fitosanidad. Programa de Entomología y Acarología | ||
| 650 |
_aColeopteros _925123 |
||
| 650 |
_aPlatypodidae _989144 |
||
| 650 |
_aScolytidae _9103352 |
||
| 710 |
_aCP. Instituto de Fitosanidad _9164498 |
||
| 901 | _aPA TESIS 1901 | ||
| 902 | _aA | ||
| 905 | _a0000002003 abdi0000000000 00 | ||
| 910 | _a2003 | ||
| 942 | _cPARA | ||
| 942 |
_cPARA _d1 |
||
| 999 |
_c207811 _d207811 |
||